Statistics for Countries in the FIFA World Cup 2018 on a Map

Click here to take the quiz!

General Stats

  • This quiz has been taken 58 times
  • The average score is 24 of 32

Answers on the Map

Answers color-coded by a green-red scale on the quiz's map according to % correct below.
Loading ...
 

Answer Stats

StageCountry% Correct
WinnerFrance
98%
4thEngland
96%
QtrBrazil
96%
R16Spain
94%
GroupGermany
94%
QtrRussia
92%
R16Argentina
90%
GroupAustralia
84%
R16Portugal
84%
R16Japan
82%
R16Mexico
82%
GroupPoland
80%
3rdBelgium
80%
GroupEgypt
78%
QtrUruguay
78%
QtrSweden
76%
GroupSouth Korea
76%
GroupPeru
74%
R16Colombia
74%
GroupIran
72%
GroupMorocco
70%
2ndCroatia
68%
GroupNigeria
64%
R16Switzerland
62%
GroupPanama
58%
R16Denmark
58%
GroupSenegal
58%
GroupIceland
58%
GroupSaudi Arabia
58%
GroupCosta Rica
52%
GroupTunisia
52%
GroupSerbia
44%

Score Distribution

Percentile by Number Answered

Percent of People with Each Score

Your Score History

You have not taken this quiz